MARC details
| 000 -LEADER |
| fixed length control field |
02044cam a2200385 i 4500 |
| 005 - DATE AND TIME OF LATEST TRANSACTION |
| control field |
20231211141822.0 |
| 020 ## - INTERNATIONAL STANDARD BOOK NUMBER |
| International Standard Book Number |
9780545852319 (hardcover) |
| 020 ## - INTERNATIONAL STANDARD BOOK NUMBER |
| International Standard Book Number |
0545852315 (hardcover) |
| 020 ## - INTERNATIONAL STANDARD BOOK NUMBER |
| International Standard Book Number |
9780545908023 |
| 020 ## - INTERNATIONAL STANDARD BOOK NUMBER |
| International Standard Book Number |
0545908027 |
| 040 ## - CATALOGING SOURCE |
| Original cataloging agency |
DLC |
| Language of cataloging |
eng |
| Transcribing agency |
DLC |
| Description conventions |
rda |
| Modifying agency |
OCLCO |
| -- |
YDXCP |
| -- |
BDX |
| -- |
BTCTA |
| -- |
FOLLT |
| -- |
OCLCO |
| -- |
NYP |
| -- |
MLY |
| -- |
TAP |
| -- |
OCLCO |
| -- |
OCLCF |
| -- |
ZJI |
| -- |
OCLCO |
| -- |
IEP |
| -- |
OCLCO |
| -- |
VP@ |
| -- |
IEU |
| -- |
OCLCQ |
| -- |
OKN |
| -- |
OCLCO |
| -- |
DLC |
| 050 00 - LIBRARY OF CONGRESS CALL NUMBER |
| Classification number |
QL100.5 |
| Item number |
.T37 2015 |
| 082 ## - DEWEY DECIMAL CLASSIFICATION NUMBER |
| Classification number |
591.6 |
| 100 1# - MAIN ENTRY--PERSONAL NAME |
| Personal name |
Tarshis, Lauren, |
| Relator term |
author. |
| 245 10 - TITLE STATEMENT |
| Title |
Nature attacks! / |
| Statement of responsibility, etc. |
Lauren Tarshis. |
| 250 ## - EDITION STATEMENT |
| Edition statement |
First edition. |
| 260 ## - PUBLICATION, DISTRIBUTION, ETC. |
| Place of publication, distribution, etc. |
New York : |
| Name of publisher, distributor, etc. |
Scholastic, |
| Date of publication, distribution, etc. |
2017 |
| 300 ## - PHYSICAL DESCRIPTION |
| Extent |
157 pages : |
| Other physical details |
illustrations ; |
| Dimensions |
22 cm. |
| 490 1# - SERIES STATEMENT |
| Series statement |
I survived true stories ; |
| Volume/sequential designation |
2 |
| 505 0# - FORMATTED CONTENTS NOTE |
| Formatted contents note |
Q |
| 505 0# - FORMATTED CONTENTS NOTE |
| Formatted contents note |
Summer of terror: the true story of the shark attacks of 1916 -- The volcano that changed the world: the eruption off Mount Tambora, 1815 -- The bloodred night: the Great Peshtigo Fire of 1871 -- The invisible monster: one girl's encounter with the deadly box jellyfish. |
| 520 ## - SUMMARY, ETC. |
| Summary, etc. |
From 14-year-old Joseph Dunn who was the lone survivor of the Shark Attacks of 1916, to 9-year-old Mike Kramer who, with the help of his quick-thinking parents, survived the Peshtigo fire of 1871 (which took place on the very same day in history as the Great Chicago Fire!), to the 13-year-old girl who survived a terrifying attack by a box jellyfish, this is a collection of unforgettable narrative non-fiction stories of unimaginable destruction -- and, against all odds, survival. |
| 521 1# - TARGET AUDIENCE NOTE |
| Target audience note |
970 <br/> |
| Source |
Lexile |
| 521 1# - TARGET AUDIENCE NOTE |
| Target audience note |
Q <br/> |
| Source |
Raz-Plus |
| 650 #0 - SUBJECT ADDED ENTRY--TOPICAL TERM |
| Topical term or geographic name entry element |
Animal attacks |
| Form subdivision |
Juvenile literature. |
| 650 #0 - SUBJECT ADDED ENTRY--TOPICAL TERM |
| Topical term or geographic name entry element |
Disasters |
| Form subdivision |
Juvenile literature. |
| 650 #0 - SUBJECT ADDED ENTRY--TOPICAL TERM |
| Topical term or geographic name entry element |
Survival |
| Form subdivision |
Juvenile literature. |
| 650 #7 - SUBJECT ADDED ENTRY--TOPICAL TERM |
| Topical term or geographic name entry element |
Animal attacks. |
| Source of heading or term |
fast |
| Authority record control number or standard number |
(OCoLC)fst00809078 |
| 650 #7 - SUBJECT ADDED ENTRY--TOPICAL TERM |
| Topical term or geographic name entry element |
Disasters. |
| Source of heading or term |
fast |
| Authority record control number or standard number |
(OCoLC)fst00894782 |
| 650 #7 - SUBJECT ADDED ENTRY--TOPICAL TERM |
| Topical term or geographic name entry element |
Survival. |
| Source of heading or term |
fast |
| Authority record control number or standard number |
(OCoLC)fst01761768 |
| 655 #7 - INDEX TERM--GENRE/FORM |
| Genre/form data or focus term |
Juvenile works. |
| Source of term |
fast |
| Authority record control number or standard number |
(OCoLC)fst01411637 |
| 906 ## - LOCAL DATA ELEMENT F, LDF (RLIN) |
| a |
7 |
| b |
cbc |
| c |
orignew |
| d |
1 |
| e |
ecip |
| f |
20 |
| g |
y-gencatlg |
| 942 ## - ADDED ENTRY ELEMENTS (KOHA) |
| Source of classification or shelving scheme |
Dewey Decimal Classification |
| Koha item type |
Books |
| Suppress in OPAC |
No |
| 999 ## - |
| -- |
1395 |
| -- |
1395 |